| 000 | 00495nam a22001577a 4500 | ||
|---|---|---|---|
| 005 | 20250701175442.0 | ||
| 008 | 250701b |||||||| |||| 00| 0 eng d | ||
| 020 | _a020049050385 | ||
| 050 |
_aBS2341 _b.2 BAI |
||
| 100 | _aBAILEY MARK | ||
| 245 |
_aNELSON'S NEW TESTAMENT SURVEY; _bDISCOVER THE BACKGROUND, THEOLOGY AND MEANING OF EVERY BOOK IN THE NEW TESTAMENT |
||
| 260 |
_aNASHVILLE _bTHOMAS NELSON PUBLISHERS _cc1999 |
||
| 300 | _axiii, 691p | ||
| 700 | _aCONSTABLE TOM | ||
| 942 |
_2lcc _cBK _n0 |
||
| 999 |
_c6807 _d6807 |
||